Powiaty Republiki Remisu - Statystyki

Ogólne statystyki
  • Ten quiz został rozwiązany 15 razy
  • Średni wynik to 17 z 21
Odpowiedzi na mapie
Odpowiedzi zakodowano w zielono-czerwonej skali na mapie do tego quizu, zgodnie z poniższymi procentami.
 
Statystyki odpowiedzi
Powiat % Poprawnych
gorzowski
100%
miasto {Gorzów Wielkopolski}
100%
gryfiński
92%
międzyrzecki
92%
złotowski
92%
czarnkowsko-trzcianecki
85%
drawski
85%
miasto {Drezdenko}
85%
międzychodzki
85%
pilski
85%
stargardzki
85%
szamotulski
85%
wałecki
85%
drezdenecki
77%
myśliborski
77%
świebodziński
77%
choszczeński
69%
krośnieński
69%
pyrzycki
69%
słubicki
69%
sulęciński
62%
Nie znaleziono quizów pasujących do podanych kryteriów
Rozkład punktacji
Procent ludzi z każdym wynikiem
Percentyl według liczby udzielonych odpowiedzi
Twoja historia wyników
Nie rozwiązałeś tego quizu